Normale Ansicht
MARC-Ansicht
Eintrag Personenname
001 - Kontrollnummer
- Kontrollfeld: 66671
003 - Kontrollnummer Identifier
- Kontrollfeld:
005 - Datum und Zeit der letzten Transaktion
- Kontrollfeld: 20250813151649.0
008 - Datenelemente mit fester Länge
- Kontrollfeld mit fester Länge: 250813|| aca||aabn | a|a d
040 ## - Katalogisierungsquelle
- Original-Katalogisierungsstelle:
- Übertragungsstelle:
100 ## - Ansetzung - Personenname
- Personenname: Dannecker, Petra
670 ## - Datenquelle
- Quellenangabe: Work cat.: ()72647: Ganser, Alexandra. 66667, Mobile Kulturen und Gesellschaften / Mobile Cultures and Societies.